| 000 | 00550 a2200157 4500 | ||
|---|---|---|---|
| 020 | _a8183561201 | ||
| 082 | _a514.05 | ||
| 090 |
_c1541 _d1541 |
||
| 100 | _aSharma, S. C. | ||
| 245 |
_aTopology _bProduct & Quotient Space and Convergence _cS. C. Sharma |
||
| 260 |
_aNew Delhi _bDiscovery Publishing House _c2006 |
||
| 440 | _aDPH Mathematics Series | ||
| 830 | _aDPH Mathematics Series | ||
| 942 |
_aSNS _cBK _k514.05 SHA |
||
| 999 |
_c30152 _d30152 |
||